[Event "Xtracon Chess Open 2019"]
[Site "Helsingor DEN"]
[Date "2019.07.28"]
[Round "10.120"]
[White "Undheim, Bjarne"]
[Black "Opseth, Oliver"]
[Result "1-0"]
[WhiteElo "1892"]
[BlackElo "1714"]
[WhiteFideId "1506862"]
[BlackFideId "1523813"]
[EventDate "2019.07.20"]

1. e4 c5 2. Nf3 Nc6 3. Bb5 g6 4. Bxc6 dxc6 5. O-O Bg7 6. d3 Nf6 7. Nc3 O-O 8.
Be3 b6 9. h3 Qc7 10. Nd2 Rd8 11. f4 e5 12. fxe5 Qxe5 13. Nc4 Qe8 14. Bg5 Nh5 15.
Bxd8 Bd4+ 16. Kh2 Qxd8 17. Ne2 Qc7+ 18. g3 b5 19. c3 Qd7 20. g4 Bg7 21. Ne3 Qd6+
22. Kg2 Nf6 23. Ng3 Ba6 24. d4 cxd4 25. cxd4 Qb4 26. e5 Nd7 27. Qb3 Qe7 28. Ne4
c5 29. Nd5 Qd8 30. Nd6 cxd4 31. Nxf7 Qh4 32. Nf6+ Bxf6 33. Nd6+ Kh8 34. exf6
Nxf6 35. Qf3 Rf8 36. Rae1 b4 37. Rf2 d3 38. Qe3 Kg7 39. Qxa7+ Kg8 40. Qxa6 d2
41. Rd1 Kg7 42. Qb7+ Kh6 43. Qe7 Qxf2+ 44. Kxf2 Nxg4+ 45. Kg3 1-0

[Event "Xtracon Chess Open 2019"]
[Site "Helsingor DEN"]
[Date "2019.07.28"]
[Round "10.121"]
[White "Ben Porat, Zeev"]
[Black "Nielsen, Kai Gylling"]
[Result "1/2-1/2"]
[WhiteElo "1888"]
[BlackElo "1709"]
[WhiteFideId "2801051"]
[BlackFideId "1406400"]
[EventDate "2019.07.20"]

1. e4 c6 2. d3 d5 3. Nd2 e5 4. Ngf3 Bg4 5. h3 Bxf3 6. Qxf3 Qf6 7. Qg3 Nd7 8. Be2
Bc5 9. O-O h5 10. Nb3 Bb6 11. exd5 cxd5 12. Bf3 Ne7 13. Qg5 Qxg5 14. Bxg5 f6 15.
Bd2 Nc5 16. Nxc5 Bxc5 17. b4 Bb6 18. c4 Bd4 19. Rab1 Rd8 20. Be3 dxc4 21. dxc4
b6 22. Bxd4 Rxd4 23. Rfc1 e4 24. Bd1 Rd2 25. Rc2 Rxc2 26. Bxc2 f5 27. Rd1 Kf7
28. Rd7 Ra8 29. Rb7 Kf6 30. b5 Ng6 31. g4 hxg4 32. hxg4 Ne5 33. gxf5 Nxc4 34.
Bxe4 Nd6 35. Rxb6 axb6 36. Bxa8 Nxb5 1/2-1/2

[Event "Xtracon Chess Open 2019"]
[Site "Helsingor DEN"]
[Date "2019.07.28"]
[Round "10.122"]
[White "Smeby, Ole"]
[Black "Madison, Sigurd"]
[Result "0-1"]
[WhiteElo "1887"]
[BlackElo "1700"]
[WhiteFideId "1503677"]
[BlackFideId "1711806"]
[EventDate "2019.07.20"]

1. d4 d5 2. c4 c6 3. e3 Nf6 4. Nf3 g6 5. Bd3 Bg7 6. cxd5 cxd5 7. O-O O-O 8. Nc3
Nc6 9. Bd2 a6 10. Rc1 Bg4 11. Be2 Bf5 12. Be1 Rc8 13. Qb3 b5 14. Qd1 Qd6 15. h3
Rfe8 16. Nh4 Bd7 17. f4 b4 18. Na4 Nxd4 19. Rxc8 Nxe2+ 20. Qxe2 Rxc8 21. Qd1 Bb5
22. Rf2 Qc6 23. b3 a5 24. g4 Ne4 25. Rg2 Qc1 26. Qxc1 Rxc1 27. Nf3 Nc3 28. Nxc3
bxc3 29. Kh2 e5 30. fxe5 Bxe5+ 31. Bg3 Bg7 32. Nd4 Bxd4 33. exd4 g5 34. Bd6 Bd3
35. Ba3 Rd1 36. Rg1 Rd2+ 37. Kg3 Be4 38. Bc1 Rd3+ 39. Kh2 h6 40. h4 f6 41. hxg5
hxg5 42. Rg3 Rd2+ 43. Kh3 Rc2 44. Rg1 Rxa2 45. Rg3 Rc2 46. Ba3 Kg7 47. Re3 Ra2
48. Bc1 c2 49. Rc3 a4 50. bxa4 Rxa4 51. Be3 Ra6 52. Kg3 Ra1 53. Kf2 Rh1 54. Kg3
Ra1 55. Bd2 Kf7 56. Kh3 Rd1 57. Be3 Rd3 58. Rxd3 Bxd3 59. Kg3 Ke6 60. Kg2 Kd6
61. Kf3 Be4+ 62. Kf2 Kc6 63. Bd2 Kb5 64. Ke3 Kc4 0-1

[Event "Xtracon Chess Open 2019"]
[Site "Helsingor DEN"]
[Date "2019.07.28"]
[Round "10.124"]
[White "Rasmussen, Morten Fredsgaard2"]
[Black "Madsen, Svend"]
[Result "1-0"]
[WhiteElo "1882"]
[BlackElo "1655"]
[WhiteFideId "1410636"]
[BlackFideId "1419846"]
[EventDate "2019.07.20"]

1. d4 d5 2. Bf4 e6 3. e3 c5 4. c3 Qb6 5. Qb3 c4 6. Qc2 Nf6 7. Nd2 Nh5 8. Bg5 h6
9. Bh4 g5 10. Be2 Ng7 11. Bg3 Nf5 12. Be5 Rg8 13. g4 Nc6 14. gxf5 Nxe5 15. dxe5
exf5 16. Ngf3 Be6 17. Nd4 Bg7 18. Bh5 O-O-O 19. Nxf5 Bf8 20. O-O-O Kb8 21. Rhg1
Qa6 22. Kb1 Rc8 23. h4 Rc5 24. Nd6 f5 25. hxg5 Ra5 26. gxh6 Rxa2 27. Kc1 Bd7 28.
Rxg8 Ra1+ 29. Nb1 Ba4 30. Rxf8+ Kc7 31. Rc8+ Kb6 32. Nxc4+ Qxc4 33. Rxc4 1-0

[Event "Xtracon Chess Open 2019"]
[Site "Helsingor DEN"]
[Date "2019.07.28"]
[Round "10.125"]
[White "Markussen, Petter B"]
[Black "Yilmaz, Kazim"]
[Result "1-0"]
[WhiteElo "1873"]
[BlackElo "1647"]
[WhiteFideId "1533045"]
[BlackFideId "1514326"]
[EventDate "2019.07.20"]

1. c4 e5 2. Nc3 Nf6 3. g3 Nc6 4. Bg2 Bc5 5. d3 h6 6. Nf3 O-O 7. O-O d6 8. a3 a5
9. Rb1 Bf5 10. Ne1 Qd7 11. Nc2 Bh3 12. b4 axb4 13. axb4 Bxg2 14. Kxg2 Bd4 15.
Bd2 Bxc3 16. Bxc3 Rfe8 17. e4 Qg4 18. Qxg4 Nxg4 19. Ra1 Nf6 20. f4 exf4 21. gxf4
b6 22. Ne3 Kh7 23. Bxf6 gxf6 24. Nd5 Rxa1 25. Rxa1 Kg7 26. Nxc7 Rb8 27. Nd5 Nd4
28. Ra6 b5 29. Rxd6 bxc4 30. dxc4 Ne6 31. b5 Rc8 32. Rc6 Rb8 33. b6 f5 34. exf5
Nd4 35. f6+ Kg6 36. Rd6 Ne6 37. Kf3 Kf5 38. Rd7 Nd8 39. Re7 Kg6 40. Re8 Nc6 41.
Rxb8 Nxb8 42. Ke4 Kh7 43. Ne7 h5 44. Kd5 h4 45. c5 h3 46. c6 Kh6 47. c7 Nd7 48.
Kc6 Nxf6 49. c8=Q Kg7 50. Qxh3 Ne8 51. Qg4+ Kf8 52. Nf5 f6 53. Qg6 Nd6 54. Qg7+
Ke8 55. Nxd6+ Kd8 56. Qd7# 1-0

[Event "Xtracon Chess Open 2019"]
[Site "Helsingor DEN"]
[Date "2019.07.28"]
[Round "10.126"]
[White "Gottschalck, Christian"]
[Black "Moller, Arne Vang"]
[Result "0-1"]
[WhiteElo "1684"]
[BlackElo "1872"]
[WhiteFideId "1428357"]
[BlackFideId "1406175"]
[EventDate "2019.07.20"]

1. e4 c5 2. Nf3 d6 3. d4 cxd4 4. Qxd4 Nc6 5. Qe3 g6 6. Nbd2 Bg7 7. c3 Nf6 8. h3
a6 9. a4 O-O 10. Nc4 Nd7 11. Be2 b6 12. O-O Bb7 13. Rd1 Qc7 14. Qg5 b5 15. Ne3
e6 16. axb5 axb5 17. Rxa8 Rxa8 18. Qg3 Nce5 19. Nd4 Qc5 20. Nb3 Qb6 21. Nd4 Nc5
22. f3 b4 23. cxb4 Qxb4 24. Ndc2 Qb6 25. b4 Nb3 26. f4 Bxe4 27. fxe5 Bxe5 28.
Qf2 d5 29. Ng4 Qxf2+ 30. Kxf2 Bxc2 31. Rf1 Bg7 32. Bf4 d4 33. Ne5 g5 34. Bh2 Ra2 0-1

[Event "Xtracon Chess Open 2019"]
[Site "Helsingor DEN"]
[Date "2019.07.28"]
[Round "10.127"]
[White "Koch-Muller, Oscar"]
[Black "Shehzad, Alisha"]
[Result "1/2-1/2"]
[WhiteElo "1866"]
[BlackElo "1637"]
[WhiteFideId "1447955"]
[BlackFideId "1521926"]
[EventDate "2019.07.20"]

1. d4 Nf6 2. c4 e6 3. Nc3 Bb4 4. e3 O-O 5. Ne2 d5 6. a3 Bxc3+ 7. Nxc3 b6 8. cxd5
Nxd5 9. Bd3 Bb7 10. O-O Nd7 11. e4 Nxc3 12. bxc3 c5 13. d5 exd5 14. exd5 Bxd5
15. Bxh7+ Kxh7 16. Qxd5 Nf6 17. Qf5+ Kg8 18. Bg5 Qd5 19. Qf4 Ne4 20. Rad1 Qxg5
21. Qxe4 Rfe8 22. Qb7 Red8 23. g3 Rxd1 24. Rxd1 Rd8 25. Rxd8+ 1/2-1/2

[Event "Xtracon Chess Open 2019"]
[Site "Helsingor DEN"]
[Date "2019.07.28"]
[Round "10.128"]
[White "Jorgensen, Alexander Torp"]
[Black "Iskos, Lukas"]
[Result "1/2-1/2"]
[WhiteElo "1863"]
[BlackElo "1622"]
[WhiteFideId "1434187"]
[BlackFideId "1461613"]
[EventDate "2019.07.20"]

1. c4 e5 2. Nc3 Nf6 3. Nf3 Nc6 4. e3 Bb4 5. Qc2 O-O 6. a3 Bxc3 7. bxc3 d6 8. e4
Re8 9. Be2 Bg4 10. d3 Ne7 11. h3 Bh5 12. Bg5 Bxf3 13. Bxf3 Ng6 14. g3 h6 15. Be3
c5 16. O-O Qd7 17. Bg2 h5 18. f4 exf4 19. gxf4 Nh4 20. f5 Nxg2 21. Qxg2 Kh8 22.
Qf3 Rg8 23. Bg5 Qe7 24. Kh1 Qe5 25. Bxf6 Qxf6 26. Qxh5+ Qh6 27. Qxh6+ gxh6 28.
Rg1 h5 29. h4 Kh7 30. Rxg8 Rxg8 31. Rg1 Rg4 32. Rxg4 hxg4 33. Kg2 Kh6 34. Kg3
Kh5 35. d4 f6 36. a4 cxd4 37. cxd4 b6 38. e5 fxe5 39. dxe5 dxe5 40. f6 Kg6 41.
f7 Kxf7 42. Kxg4 Kg6 43. h5+ Kh6 44. Kf5 Kxh5 45. Kxe5 Kg5 46. Kd5 Kf5 47. Kc6
Ke5 48. Kb7 Kd6 49. Kxa7 Kc7 1/2-1/2

[Event "Xtracon Chess Open 2019"]
[Site "Helsingor DEN"]
[Date "2019.07.28"]
[Round "10.129"]
[White "Jorgensen, Orla Eilegaard"]
[Black "Berg, Margar M."]
[Result "0-1"]
[WhiteElo "1614"]
[BlackElo "1857"]
[WhiteFideId "1413368"]
[BlackFideId "7200021"]
[EventDate "2019.07.20"]

1. f4 d5 2. Nf3 c5 3. e3 g6 4. Bb5+ Bd7 5. Bxd7+ Nxd7 6. Nc3 Ngf6 7. b3 Bg7 8.
Bb2 Nb6 9. d3 O-O 10. Qd2 Rc8 11. Rc1 Ng4 12. h3 Nh6 13. g4 f5 14. g5 Nf7 15.
Qg2 e5 16. fxe5 Nxe5 17. Nxe5 Bxe5 18. Kd2 d4 19. exd4 Bf4+ 20. Kd1 cxd4 21. Ne2
Be3 22. h4 f4 23. Rf1 Nd5 24. Rb1 Nb4 25. Qe4 Rxc2 26. Qe6+ Rf7 27. Nxf4 Rd2+
28. Ke1 Nc2# 0-1

[Event "Xtracon Chess Open 2019"]
[Site "Helsingor DEN"]
[Date "2019.07.28"]
[Round "10.130"]
[White "Rolvag, Birk Anders"]
[Black "Lye, Sigurd"]
[Result "1-0"]
[WhiteElo "1956"]
[BlackElo "1593"]
[WhiteFideId "1507753"]
[BlackFideId "1539345"]
[EventDate "2019.07.20"]

1. e4 c5 2. Nc3 Nc6 3. g3 g6 4. Bg2 Bg7 5. d3 d6 6. Nge2 Rb8 7. a4 a6 8. O-O b5
9. axb5 axb5 10. f4 b4 11. Nd5 e6 12. Ne3 Nge7 13. g4 f5 14. gxf5 exf5 15. exf5
Bxf5 16. Nxf5 gxf5 17. Rf3 O-O 18. Rg3 Kh8 19. c3 d5 20. Be3 d4 21. cxd4 Nxd4
22. Kh1 Nd5 23. Bxd4 cxd4 24. Ra7 Bf6 25. Nxd4 Bxd4 26. Rxh7+ Kxh7 27. Qh5# 1-0

[Event "Xtracon Chess Open 2019"]
[Site "Helsingor DEN"]
[Date "2019.07.28"]
[Round "10.131"]
[White "Olsen, Karsten Kierkegaard"]
[Black "Ben Porat, Tal"]
[Result "0-1"]
[WhiteElo "1670"]
[BlackElo "1928"]
[WhiteFideId "1416944"]
[BlackFideId "2804719"]
[EventDate "2019.07.20"]

1. e4 e6 2. d4 d5 3. exd5 exd5 4. Bd3 Bd6 5. Nf3 Ne7 6. Bg5 f6 7. Bh4 O-O 8. O-O
Nbc6 9. c3 Bf5 10. Qc2 Qd7 11. Bg3 Bxg3 12. hxg3 Bxd3 13. Qxd3 Nf5 14. Nbd2 Nd6
15. Rfe1 Rfe8 16. Rxe8+ Rxe8 17. Re1 Rxe1+ 18. Nxe1 Qe6 19. Nc2 Ne7 20. Qe3 Kf7
21. Qxe6+ Kxe6 22. f3 b6 23. Ne3 Nef5 24. Kf2 h5 25. Ndf1 c5 26. Nxf5 Nxf5 27.
Ne3 Nd6 28. Nc2 Nc4 29. b3 Nd6 30. Ke3 g6 31. a4 g5 32. Kf2 Nb7 33. b4 cxb4 34.
cxb4 Nd6 35. b5 Nf5 36. g4 hxg4 37. fxg4 Nd6 38. Nb4 Nc4 39. Nc6 Nb2 40. a5 bxa5
41. Nxa5 Nd1+ 42. Kf3 Nc3 0-1

[Event "Xtracon Chess Open 2019"]
[Site "Helsingor DEN"]
[Date "2019.07.28"]
[Round "10.132"]
[White "Skovgaard, Ib"]
[Black "Horslund, Mikael"]
[Result "1/2-1/2"]
[WhiteElo "1911"]
[BlackElo "1716"]
[WhiteFideId "1406760"]
[BlackFideId "1421042"]
[EventDate "2019.07.20"]

1. e4 e6 2. d4 d5 3. Nd2 dxe4 4. Nxe4 Bd7 5. Bd3 Bc6 6. Nf3 Be7 7. Qe2 Nf6 8.
Nfg5 Nxe4 9. Nxe4 Bxe4 10. Qxe4 c6 11. Bf4 Nd7 12. O-O-O Nf6 13. Qf3 Nd5 14. Bd2
Qb6 15. Rhe1 Rf8 16. c4 Nb4 17. Bb1 O-O-O 18. a3 Na6 19. Bc3 Bg5+ 20. Kc2 Bf6
21. Ba2 Bxd4 22. Bxd4 Rxd4 23. Rxd4 Qxd4 24. Rxe6 Rd8 25. Re2 Qd1+ 26. Kc3 Qd4+
27. Kc2 Qd1+ 28. Kc3 Qd4+ 1/2-1/2

[Event "Xtracon Chess Open 2019"]
[Site "Helsingor DEN"]
[Date "2019.07.28"]
[Round "10.133"]
[White "Hojgaard, Brandur"]
[Black "Christensen, Tommy"]
[Result "0-1"]
[WhiteElo "1683"]
[BlackElo "1908"]
[WhiteFideId "7201478"]
[BlackFideId "1423266"]
[EventDate "2019.07.20"]

1. d4 Nf6 2. Nf3 e6 3. Bf4 c5 4. e3 Qb6 5. b3 Nc6 6. c3 Be7 7. Nbd2 d5 8. Bd3
cxd4 9. exd4 Bd7 10. O-O O-O 11. Qe2 Rac8 12. Ne5 Nxe5 13. dxe5 Ne8 14. c4 Qd4
15. g3 dxc4 16. Bxc4 Bc6 17. Nf3 Qc3 18. Nd2 Rd8 19. Rfc1 Qa5 20. a4 g5 21. Be3
Qxe5 22. f3 Nd6 23. Bd3 Nf5 24. Nc4 Qf6 25. Bxa7 Nd4 26. Bxd4 Qxd4+ 27. Kg2 Qxd3
28. Qe5 0-1

[Event "Xtracon Chess Open 2019"]
[Site "Helsingor DEN"]
[Date "2019.07.28"]
[Round "10.134"]
[White "Larsen, Hans Haagen"]
[Black "Slettebo, Jan"]
[Result "0-1"]
[WhiteElo "1680"]
[BlackElo "1888"]
[WhiteFideId "1409557"]
[BlackFideId "1704958"]
[EventDate "2019.07.20"]

1. d4 d5 2. Bf4 c5 3. e3 cxd4 4. exd4 Nc6 5. Nf3 Bg4 6. Nc3 e6 7. Be2 Qb6 8. Nb5
Bxf3 9. gxf3 Rc8 10. Bd6 a6 11. Bxf8 Kxf8 12. a4 axb5 13. axb5 Nxd4 14. Bd3 Nf6
15. O-O g6 16. Ra4 Nf5 17. Qd2 h6 18. Rfa1 Kg7 19. Qa5 Qxa5 20. Rxa5 Nd6 21. b3
Nd7 22. Kf1 Ne5 23. Ke2 Rc3 24. Kd2 Rhc8 25. R1a2 Nxd3 26. cxd3 Rxb3 0-1

[Event "Xtracon Chess Open 2019"]
[Site "Helsingor DEN"]
[Date "2019.07.28"]
[Round "10.135"]
[White "Pihl, William"]
[Black "Jacobsen, Heidrikur T."]
[Result "0-1"]
[WhiteElo "1669"]
[BlackElo "1885"]
[WhiteFideId "1467310"]
[BlackFideId "7200340"]
[EventDate "2019.07.20"]

1. e4 g6 2. d4 Bg7 3. Nc3 d6 4. Nf3 Nf6 5. Bc4 c6 6. Be3 O-O 7. Qd2 b5 8. Bd3 a6
9. Bh6 Nbd7 10. Bxg7 Kxg7 11. a4 Bb7 12. O-O Qc7 13. Rfe1 e5 14. d5 b4 15. Na2
cxd5 16. exd5 a5 17. c4 Nc5 18. Bf1 Nb3 19. Qg5 Nxa1 20. Nh4 Qd7 21. Rxa1 Qg4
22. Qxg4 Nxg4 23. Be2 f5 24. Bxg4 fxg4 25. g3 Rac8 26. b3 Rc7 27. Nc1 Bc8 28.
Ne2 Rcf7 29. Rf1 Bf5 30. Nc1 Be4 31. Ng2 Bxg2 32. Kxg2 Rf3 33. Kg1 Rc3 34. Kg2
Rff3 35. Kg1 Rc2 36. Re1 Rfxf2 37. Nd3 Rg2+ 38. Kh1 Rxh2+ 39. Kg1 Rcg2+ 40. Kf1
Rd2 41. Nc1 Rhf2+ 42. Kg1 Rg2+ 43. Kh1 Rxg3 44. Ne2 0-1

[Event "Xtracon Chess Open 2019"]
[Site "Helsingor DEN"]
[Date "2019.07.28"]
[Round "10.137"]
[White "Petersen, Jan"]
[Black "Vehl, Tina"]
[Result "0-1"]
[WhiteElo "1660"]
[BlackElo "1823"]
[WhiteFideId "1426320"]
[BlackFideId "1418262"]
[EventDate "2019.07.20"]

1. d4 d5 2. c4 dxc4 3. e3 e5 4. Bxc4 exd4 5. exd4 Bd6 6. Nf3 Nf6 7. Ne5 O-O 8.
O-O Nbd7 9. Re1 Nxe5 10. dxe5 Bxe5 11. Bxf7+ Kxf7 12. Qb3+ Be6 13. Qe3 Ng4 14.
Qe4 Bxh2+ 15. Kf1 Qf6 16. f3 Rae8 17. Nc3 Kg8 18. Bd2 Qh4 19. Qd4 Bg3 20. Rxe6
Qh1+ 0-1

[Event "Xtracon Chess Open 2019"]
[Site "Helsingor DEN"]
[Date "2019.07.28"]
[Round "10.138"]
[White "Nielsen, Leo Kresten Roland"]
[Black "Masotti, Roberto"]
[Result "0-1"]
[WhiteElo "1653"]
[BlackElo "1814"]
[WhiteFideId "1426095"]
[BlackFideId "815071"]
[EventDate "2019.07.20"]

1. e4 c5 2. Bc4 e6 3. Qf3 Nc6 4. Na3 a6 5. Nh3 b5 6. Nxb5 axb5 7. Bxb5 Nd4 8.
Qd3 Nf6 9. O-O Nxb5 10. e5 Nd5 11. c4 Nb4 12. Qe4 Nc7 13. a3 d5 14. Qb1 Nc6 15.
f4 Nd4 16. Qd3 dxc4 17. Qxc4 Ba6 18. Qa4+ Bb5 19. Qd1 Bxf1 20. Qxf1 Nb3 21. Qf3
Nxa1 22. d3 Qd5 0-1

[Event "Xtracon Chess Open 2019"]
[Site "Helsingor DEN"]
[Date "2019.07.28"]
[Round "10.139"]
[White "Hina, Ariza"]
[Black "Nielsen, Palle"]
[Result "1/2-1/2"]
[WhiteElo "1651"]
[BlackElo "1806"]
[WhiteFideId "1525441"]
[BlackFideId "1408526"]
[EventDate "2019.07.20"]

1. e4 e5 2. Nc3 Bc5 3. f4 d6 4. Nf3 Nc6 5. Bc4 h6 6. Na4 Bg4 7. Nxc5 dxc5 8. d3
Qf6 9. h3 Bxf3 10. Qxf3 Nd4 11. Qf2 b5 12. Bb3 a5 13. c3 Nxb3 14. axb3 Qd6 15.
O-O f6 16. fxe5 Qxe5 17. Bf4 Qe7 18. Be3 Qd7 19. Bxc5 Ne7 20. Bxe7 Qxe7 21. Qf5
Qd7 22. Qxd7+ Kxd7 23. Rf5 c6 24. Kf2 Rhe8 25. Ke3 Re6 26. g4 g6 27. Rf3 c5 28.
h4 Ke7 29. h5 Re5 30. Rh3 Kf7 31. hxg6+ Kxg6 32. Rah1 Rh8 33. Rh5 Rg5 34. Kf3
Rh7 35. Kg3 Rh8 36. Rxg5+ fxg5 37. Kf3 Rf8+ 38. Ke3 Rf4 39. Rg1 Kf6 1/2-1/2

[Event "Xtracon Chess Open 2019"]
[Site "Helsingor DEN"]
[Date "2019.07.28"]
[Round "10.140"]
[White "Sundin, Sven-Ingvar"]
[Black "Hansen, Aksel"]
[Result "1/2-1/2"]
[WhiteElo "1632"]
[BlackElo "1790"]
[WhiteFideId "1724517"]
[BlackFideId "1412213"]
[EventDate "2019.07.20"]

1. e4 d5 2. exd5 Qxd5 3. Nc3 Qd8 4. d4 Bf5 5. Bc4 c6 6. Nge2 Nf6 7. Ng3 Bg6 8.
h3 e6 9. a3 Bd6 10. Be3 O-O 11. Qd2 Qc7 12. f4 Nd5 13. Nxd5 cxd5 14. Bb3 Nd7 15.
O-O Nb6 16. Ne2 Rac8 17. c3 Nc4 18. Bxc4 Qxc4 19. Rad1 a5 20. g4 f5 21. g5 b5
22. Rc1 Rf7 23. Kg2 Rfc7 24. Rfe1 a4 25. h4 Qc6 26. Ng3 Bf7 27. Kf2 Qd7 28. h5
g6 29. h6 Rc4 30. Ne2 Qc7 31. Ng1 Kf8 32. Nf3 Ke7 33. Ne5 Bxe5 34. dxe5 Be8 35.
Bd4 1/2-1/2

[Event "Xtracon Chess Open 2019"]
[Site "Helsingor DEN"]
[Date "2019.07.28"]
[Round "10.141"]
[White "Fjallheim, Benjamin Reinert"]
[Black "Halvorsen, Benjamin"]
[Result "1-0"]
[WhiteElo "1612"]
[BlackElo "1789"]
[WhiteFideId "7202008"]
[BlackFideId "1516604"]
[EventDate "2019.07.20"]

1. Nf3 d5 2. g3 e6 3. Bg2 Nf6 4. d3 Nc6 5. O-O Bd6 6. Nbd2 O-O 7. c4 d4 8. Nb3
e5 9. Ng5 Bf5 10. f4 exf4 11. Bxf4 Bxf4 12. Rxf4 Ng4 13. Bxc6 bxc6 14. Nxd4 Qxg5
15. Nxf5 Qh5 16. h4 g5 17. Rxg4 h6 18. e4 Kh7 19. hxg5 1-0

[Event "Xtracon Chess Open 2019"]
[Site "Helsingor DEN"]
[Date "2019.07.28"]
[Round "10.142"]
[White "Viitaniemi, Olli"]
[Black "Willard, Hakan"]
[Result "1-0"]
[WhiteElo "1778"]
[BlackElo "1614"]
[WhiteFideId "515361"]
[BlackFideId "1733621"]
[EventDate "2019.07.20"]

1. c4 e5 2. g3 Nf6 3. Bg2 g6 4. Nc3 Bg7 5. e4 O-O 6. Nge2 d6 7. O-O Be6 8. d3 c5
9. h3 h6 10. f4 Nc6 11. f5 Bd7 12. Be3 Nd4 13. g4 Qe8 14. Ng3 Kh7 15. g5 hxg5
16. Bxg5 Bc6 17. h4 Nd7 18. f6 Bh6 19. Bxh6 Kxh6 20. Nd5 Bxd5 21. exd5 Qd8 22.
Qg4 Nxf6 23. Qg5+ Kg7 24. Rxf6 Rh8 25. Raf1 Qd7 26. Rxf7+ Qxf7 27. Rxf7+ Kxf7
28. Ne4 1-0

[Event "Xtracon Chess Open 2019"]
[Site "Helsingor DEN"]
[Date "2019.07.28"]
[Round "10.144"]
[White "Digernes, Mikael"]
[Black "Petersen, Rasmus"]
[Result "1-0"]
[WhiteElo "1560"]
[BlackElo "1745"]
[WhiteFideId "1544225"]
[BlackFideId "1448250"]
[EventDate "2019.07.20"]

1. e4 c5 2. Nc3 Nc6 3. f4 e6 4. Nf3 d5 5. Bb5 a6 6. Bxc6+ bxc6 7. d3 Ne7 8. O-O
Ng6 9. Qe1 Be7 10. Bd2 O-O 11. Na4 a5 12. Qf2 d4 13. b3 Qc7 14. Qg3 Ba6 15. Qe1
Bb5 16. f5 Ne5 17. Nxe5 Qxe5 18. Nb6 Ra7 19. Bf4 Qf6 20. a4 Ba6 21. Qxa5 e5 22.
Bg3 Rb8 23. Nc4 Bd6 24. Nxd6 Qxd6 25. f6 gxf6 26. Bh4 Rb4 27. Bxf6 Ra8 28. Rf5 1-0

[Event "Xtracon Chess Open 2019"]
[Site "Helsingor DEN"]
[Date "2019.07.28"]
[Round "10.145"]
[White "Poulsen, Knud"]
[Black "Tummasarson, Flovin M."]
[Result "0-1"]
[WhiteElo "1743"]
[BlackElo "1561"]
[WhiteFideId "1422324"]
[BlackFideId "7202431"]
[EventDate "2019.07.20"]

1. c4 e5 2. Nc3 Nf6 3. g3 Bb4 4. Bg2 Nc6 5. e3 O-O 6. Nge2 d6 7. O-O Bf5 8. e4
Be6 9. d3 a6 10. h3 Bc5 11. Be3 Nd7 12. Qd2 f5 13. Bg5 Qe8 14. Kh2 Qh5 15. exf5
Bxf5 16. g4 Bxg4 17. Ng3 Qg6 18. hxg4 h6 19. Be4 Qxg5 20. Qxg5 hxg5 21. Bd5+ Kh7
22. Kg2 Nf6 23. Rh1+ Kg6 24. f3 Nd4 25. Raf1 c6 26. Be4+ Kf7 27. a3 Ne6 28. Nce2
Nf4+ 29. Nxf4 gxf4 30. g5 fxg3 31. gxf6 Kxf6 32. Kxg3 Rh8 33. Kg4 g5 34. b4 Be3
35. Kg3 Bf4+ 36. Kg2 Rh4 37. Rxh4 gxh4 38. Rh1 Rg8+ 39. Kf1 Bg3 40. a4 Rd8 41.
d4 d5 42. dxe5+ Kxe5 43. cxd5 cxd5 44. Bg6 Rd6 45. Be8 Re6 46. Bh5 Kf4 47. Bf7
Re5 48. Kg2 Re2+ 49. Kh3 d4 50. Bc4 Re1 51. Rxe1 Bxe1 52. b5 axb5 53. axb5 b6
54. Kg2 Ke3 55. Bd5 d3 56. Kf1 d2 57. Bb3 Kxf3 58. Bd1+ Ke3 59. Kg2 Kd3 60. Kf1
h3 61. Kg1 Bg3 62. Kf1 h2 63. Kg2 Bf4 64. Kh1 Kc3 65. Kg2 Kb2 66. Bf3 Kc1 67.
Kf2 d1=Q 68. Bxd1 h1=Q 69. Bf3 Qh2+ 70. Kf1 Be3 71. Bg2 Kd2 0-1

[Event "Xtracon Chess Open 2019"]
[Site "Helsingor DEN"]
[Date "2019.07.28"]
[Round "10.146"]
[White "Zheng, Jerry Z"]
[Black "Wahlgreen, Noah"]
[Result "0-1"]
[WhiteElo "1553"]
[BlackElo "1743"]
[WhiteFideId "460990"]
[BlackFideId "1457349"]
[EventDate "2019.07.20"]

1. e4 c6 2. d4 d5 3. e5 Bf5 4. h4 h5 5. Bd3 Bxd3 6. Qxd3 e6 7. Bg5 Be7 8. Nf3
Qb6 9. Nbd2 c5 10. c4 cxd4 11. Nxd4 Bc5 12. Nb5 a6 13. Nc3 Bxf2+ 14. Kf1 Nc6 15.
cxd5 Nxe5 16. Qe2 Ng4 17. Nc4 Qc7 18. dxe6 f6 19. Bd2 Ne7 20. Ne4 Rd8 21. Nxf2
Nf5 22. Ne4 Rd4 23. Ncd6+ Nxd6 24. Bf4 Ne5 25. Rc1 Qe7 26. Nxd6+ Rxd6 27. Rc8+
Rd8 28. Rxd8+ Qxd8 29. Bxe5 fxe5 30. Rh3 Qf6+ 31. Ke1 O-O 32. Qc4 Qf2+ 33. Kd1
Qg1+ 34. Kd2 Qxg2+ 35. Ke1 Qf2+ 36. Kd1 Qf1+ 37. Qxf1 Rxf1+ 38. Ke2 Rf6 39. Ke3
Rxe6 40. Ke4 Kf7 41. Rf3+ Kg6 42. Rf5 Rb6 43. Rg5+ Kh6 44. Kxe5 Rxb2 45. a3 Rb5+
46. Kf4 Rxg5 47. hxg5+ Kg6 48. a4 a5 49. Ke5 Kxg5 50. Kd5 h4 51. Kc5 h3 52. Kb5
h2 53. Kxa5 h1=Q 54. Kb6 Qa1 55. a5 Kf4 56. Kxb7 Qxa5 57. Kc6 Ke5 58. Kb7 Kd6
59. Kb8 Kc6 60. Kc8 Qc7# 0-1

[Event "Xtracon Chess Open 2019"]
[Site "Helsingor DEN"]
[Date "2019.07.28"]
[Round "10.147"]
[White "Hamalainen, Joel"]
[Black "Bredeli, Kent-Ove I"]
[Result "1-0"]
[WhiteElo "1736"]
[BlackElo "1515"]
[WhiteFideId "516660"]
[BlackFideId "1522124"]
[EventDate "2019.07.20"]

1. d4 d5 2. Bf4 Nf6 3. e3 Bf5 4. Nc3 c6 5. f3 e6 6. g4 Bg6 7. h4 h6 8. Bd3 Bxd3
9. Qxd3 Bd6 10. Nge2 Na6 11. a3 Nc7 12. O-O-O b5 13. g5 Bxf4 14. Nxf4 Nd7 15.
gxh6 Rxh6 16. Nce2 Rxh4 17. Qc3 Nb8 18. Qa5 Kd7 19. Nd3 Nba6 20. Ne5+ Ke8 21.
Nxc6 Qg5 22. Qc3 Kd7 23. Ne5+ Ke7 24. Rdg1 Rxh1 25. Rxh1 Qg2 26. Qe1 Qg5 27. f4
Qf6 28. Ng3 g6 29. Rh7 Rf8 30. Qc3 g5 31. Qc6 gxf4 32. Qd7# 1-0